000 00618nam a2200229Ia 4500
003 OSt
005 20220918214507.0
006 a|||||r|||| 00| 0
007 ta
008 220917b |||||||| |||| 00| 0 eng d
024 _a137,679
037 _cTextual
040 _aARTS
_cARTS
_beng
041 _2eng
_aeng
082 _aYxM55,1, K5 (PD)
100 _aTonnies Ferdinand
_9131495
245 0 _aCommunity and association
260 _aLondon
_bRoutledge and Kegan paul
_c1965
650 _aSOCIOLOGY
942 _hYxM55,1, K5 (PD)
_cTEXL
_2CC
999 _c260758
_d260758